Effects of water stress on the physiology and grain yield of four bread wheat (Triticum aestivum L.) cultivars / (Record no. 81007)
[ view plain ]
| 000 -LEADER | |
|---|---|
| fixed length control field | 00917nam a22002417a 4500 |
| 001 - CONTROL NUMBER | |
| RUCL Control Number | 81007 |
| 003 - CONTROL NUMBER IDENTIFIER | |
| rucl marc code | BD-RjUL |
| 005 - DATE AND TIME OF LATEST TRANSACTION | |
| control field | 20221221173014.0 |
| 008 - FIXED-LENGTH DATA ELEMENTS--GENERAL INFORMATION | |
| fixed length control field | 221221s2002 bg a|||| m||| 00| 0 eng d |
| 035 ## - SYSTEM CONTROL NUMBER | |
| system control number | (BD-RjUL)81007 |
| 040 ## - CATALOGING SOURCE | |
| Original cataloging agency | BD-RjUL |
| Language of cataloging | eng |
| Transcribing agency | BD-RjUL |
| Modifying agency | BD-RjUL |
| 041 ## - LANGUAGE CODE | |
| Language code of Book | eng |
| 082 ## - DEWEY DECIMAL CLASSIFICATION NUMBER | |
| DDC Edition number | 23 |
| Classification number | 612.3923 |
| Author mark and Year | HAE 2002 |
| 100 ## - MAIN ENTRY--PERSONAL NAME | |
| Personal name | Haider, S. A. |
| 9 (RLIN) | 6406 |
| 245 10 - TITLE STATEMENT | |
| Title | Effects of water stress on the physiology and grain yield of four bread wheat (Triticum aestivum L.) cultivars / |
| Statement of responsibility, etc | By S. A. Haider ; |
| Name of Supervisor/Co-Supervisor | Supervisor : Nishit, Kumar Paul |
| 260 ## - PUBLICATION, DISTRIBUTION, ETC. (IMPRINT) | |
| Place of publication, distribution, etc | Rajshahi : |
| Name of publisher, distributor, etc | Department of Botany, University of Rajshahi, |
| Date of publication, distribution, etc | 2002 |
| 300 ## - PHYSICAL DESCRIPTION | |
| Pagination | vii, 371 leaves : |
| Other physical details | ill, ; |
| Dimensions | 29.cm. |
| 502 ## - DISSERTATION NOTE | |
| Dissertation note | Thesis (Ph. D.) -- Department of Botany, University of Rajshahi, 2002 |
| 504 ## - BIBLIOGRAPHY, ETC. NOTE | |
| Bibliography, etc | References : Leaves 343 - 371 |
| 650 ## - SUBJECT ADDED ENTRY--TOPICAL TERM | |
| Topical term or geographic name as entry element | Water |
| Form subdivision | Human physiology |
| 9 (RLIN) | 6407 |
| 700 ## - ADDED ENTRY--SUPERVISOR/CO-SUPERVISOR NAME | |
| Personal name | Paul, Nishit, Kumar, Supervisor |
| 9 (RLIN) | 2234 |
| 942 ## - ADDED ENTRY ELEMENTS (KOHA) | |
| Source of classification or shelving scheme | Dewey Decimal Classification |
| Koha item type | Theses |
| Source of classification or shelving scheme | Damaged status | Not for loan | Collection code | Permanent Location | Current Location | Shelving location | Date of accession | Source of acquisition | Total Checkouts | Full call number | Barcode | Date last seen | Copy number | Thesis |
|---|---|---|---|---|---|---|---|---|---|---|---|---|---|---|
| Dewey Decimal Classification | Not For Loan | Theses | Central Library, University of Rajshahi | Central Library, University of Rajshahi | Documentation Section | 17/04/2004 | Controller of Exam. R.U. | THE 612.3923 HAE 2002 | D2214 | 21/12/2022 | C-1 | Theses |